[Event "2024 US National High School (K-12) Championship"]
[Site "Baltimore, Maryland, United States"]
[Date "2024.04.05"]
[Round "1.1"]
[White "Wang, Jason"]
[Black "He, Stephen"]
[Result "1-0"]
[TimeControl "G/90; d10"]
[WhiteTitle "IM"]
[WhiteFideId "30908124"]
[BlackFideId "30951348"]
[WhiteElo "2563"]
[BlackElo "2066"]

1. d4 {[%clk 01:30:00]} Nf6 {[%clk 01:30:00]} {[%emt 00:00:07]} 2. c4 {[%clk
01:30:00]} {[%emt 00:00:04]} g6 {[%clk 01:30:00]} {[%emt 00:00:07]} 3. Nc3
{[%clk 01:30:00]} {[%emt 00:00:04]} d5 {[%clk 01:29:55]} {[%emt 00:00:16]} 4.
Bf4 {[%clk 01:30:00]} {[%emt 00:00:04]} Bg7 {[%clk 01:28:02]} {[%emt 00:02:03]}
5. e3 {[%clk 01:30:00]} {[%emt 00:00:05]} c6 {[%clk 01:26:32]} {[%emt
00:01:40]} 6. Nf3 {[%clk 01:28:09]} {[%emt 00:02:01]} O-O {[%clk 01:24:14]}
{[%emt 00:02:29]} 7. Be2 {[%clk 01:23:52]} {[%emt 00:04:27]} b6 {[%clk
01:15:03]} {[%emt 00:09:20]} 8. O-O {[%clk 01:19:45]} {[%emt 00:04:18]} Bb7
{[%clk 01:09:23]} {[%emt 00:05:50]} 9. b4 {[%clk 01:17:50]} {[%emt 00:02:04]}
a5 {[%clk 01:00:50]} {[%emt 00:08:43]} 10. b5 {[%clk 01:14:25]} {[%emt
00:03:35]} Nbd7 {[%clk 00:44:37]} {[%emt 00:16:22]} 11. Qb3 {[%clk 01:08:18]}
{[%emt 00:06:18]} c5 {[%clk 00:30:12]} {[%emt 00:14:36]} 12. cxd5 {[%clk
01:04:46]} {[%emt 00:03:42]} cxd4 {[%clk 00:27:12]} {[%emt 00:03:09]} 13. exd4
{[%clk 01:04:46]} {[%emt 00:00:05]} a4 {[%clk 00:15:58]} {[%emt 00:11:24]} 14.
Nxa4 {[%clk 01:04:31]} {[%emt 00:00:25]} Bxd5 {[%clk 00:15:39]} {[%emt
00:00:29]} 15. Qb4 {[%clk 01:04:04]} {[%emt 00:00:37]} Nh5 {[%clk 00:10:04]}
{[%emt 00:05:44]} 16. Be3 {[%clk 01:02:02]} {[%emt 00:02:11]} Re8 {[%clk
00:07:41]} {[%emt 00:02:35]} 17. Ne5 {[%clk 00:57:37]} {[%emt 00:04:34]} Nhf6
{[%clk 00:04:45]} {[%emt 00:03:07]} 18. Nc3 {[%clk 00:53:14]} {[%emt 00:04:32]}
Qc7 {[%clk 00:02:58]} {[%emt 00:01:57]} 19. Bf4 {[%clk 00:49:13]} {[%emt
00:04:11]} Rac8 {[%clk 00:02:28]} {[%emt 00:00:40]} 20. Rac1 {[%clk 00:48:34]}
{[%emt 00:00:49]} Qb7 {[%clk 00:01:08]} {[%emt 00:01:31]} 21. Nxd5 {[%clk
00:44:15]} {[%emt 00:04:29]} Nxd5 {[%clk 00:00:53]} {[%emt 00:00:25]} 22. Qb3
{[%clk 00:43:35]} {[%emt 00:00:49]} e6 {[%clk 00:00:38]} {[%emt 00:00:25]} 23.
Bf3 {[%clk 00:43:10]} {[%emt 00:00:35]} Bxe5 {[%clk 00:00:15]} {[%emt
00:00:34]} 24. Bxe5 {[%clk 00:42:35]} {[%emt 00:00:45]} f6 {[%clk 00:00:05]}
{[%emt 00:00:20]} 25. Bd6 {[%clk 00:42:16]} {[%emt 00:00:28]} Nf8 {[%clk
00:00:03]} {[%emt 00:00:12]} 26. Rfe1 {[%clk 00:41:57]} {[%emt 00:00:29]} Rcd8
{[%emt 00:00:14]} 1-0

[Event "2024 US National High School (K-12) Championship"]
[Site "Baltimore, Maryland, United States"]
[Date "2024.04.05"]
[Round "1.2"]
[White "Casares, Jose Gabriel"]
[Black "Chasin, Nico Werner"]
[Result "0-1"]
[TimeControl "G/90; d10"]
[BlackTitle "IM"]
[WhiteFideId "3960315"]
[BlackFideId "30908477"]
[WhiteElo "2061"]
[BlackElo "2522"]

1. e4 {[%clk 01:19:54]} {[%emt 00:10:15]} c5 {[%clk 01:29:02]} {[%emt
00:01:08]} 2. Nf3 {[%clk 01:19:31]} {[%emt 00:00:33]} Nc6 {[%clk 01:29:02]}
{[%emt 00:00:09]} 3. d4 {[%clk 01:19:31]} {[%emt 00:00:05]} cxd4 {[%clk
01:29:02]} {[%emt 00:00:05]} 4. Nxd4 {[%clk 01:19:31]} {[%emt 00:00:04]} e6
{[%clk 01:29:02]} {[%emt 00:00:06]} 5. Nc3 {[%clk 01:19:31]} {[%emt 00:00:05]}
Qc7 {[%clk 01:29:02]} {[%emt 00:00:04]} 6. Be3 {[%clk 01:19:31]} {[%emt
00:00:09]} a6 {[%clk 01:29:02]} {[%emt 00:00:04]} 7. a3 {[%clk 01:19:31]}
{[%emt 00:00:05]} b5 {[%clk 01:28:58]} {[%emt 00:00:13]} 8. Nxc6 {[%clk
01:19:18]} {[%emt 00:00:23]} Qxc6 {[%clk 01:28:58]} {[%emt 00:00:02]} 9. Bd3
{[%clk 01:19:18]} {[%emt 00:00:07]} Bb7 {[%clk 01:28:58]} {[%emt 00:00:07]} 10.
Qd2 {[%clk 01:19:18]} {[%emt 00:00:10]} Rc8 {[%clk 01:26:39]} {[%emt 00:02:28]}
11. f3 {[%clk 01:18:23]} {[%emt 00:01:05]} Bc5 {[%clk 01:25:30]} {[%emt
00:01:18]} 12. O-O-O {[%clk 01:16:11]} {[%emt 00:02:23]} Bxe3 {[%clk 01:23:51]}
{[%emt 00:01:50]} 13. Qxe3 {[%clk 01:16:11]} {[%emt 00:00:09]} Qc5 {[%clk
01:23:51]} {[%emt 00:00:02]} 14. Rhe1 {[%clk 01:11:09]} {[%emt 00:05:11]} Ne7
{[%clk 01:22:03]} {[%emt 00:01:57]} 15. Kb1 {[%clk 01:07:57]} {[%emt 00:03:23]}
Ng6 {[%clk 01:18:32]} {[%emt 00:03:40]} 16. g3 {[%clk 01:07:16]} {[%emt
00:00:52]} Qxe3 {[%clk 01:17:16]} {[%emt 00:01:27]} 17. Rxe3 {[%clk 01:07:16]}
{[%emt 00:00:08]} d6 {[%clk 01:17:16]} {[%emt 00:00:04]} 18. a4 {[%clk
01:04:10]} {[%emt 00:03:20]} b4 {[%clk 01:16:26]} {[%emt 00:00:59]} 19. Na2
{[%clk 01:03:49]} {[%emt 00:00:31]} a5 {[%clk 01:16:19]} {[%emt 00:00:15]} 20.
Bb5+ {[%clk 01:02:20]} {[%emt 00:01:41]} Ke7 {[%clk 01:14:54]} {[%emt
00:01:32]} 21. c3 {[%clk 01:01:37]} {[%emt 00:00:56]} bxc3 {[%clk 01:14:22]}
{[%emt 00:00:42]} 22. Nxc3 {[%clk 00:58:10]} {[%emt 00:03:36]} Ne5 {[%clk
01:12:17]} {[%emt 00:02:15]} 23. Ka2 {[%clk 00:56:21]} {[%emt 00:02:00]} Rhd8
{[%clk 01:10:30]} {[%emt 00:01:56]} 24. h3 {[%clk 00:54:56]} {[%emt 00:01:35]}
g5 {[%clk 01:09:33]} {[%emt 00:01:07]} 25. Kb1 {[%clk 00:47:47]} {[%emt
00:07:20]} Rc5 {[%clk 01:08:57]} {[%emt 00:00:46]} 26. f4 {[%clk 00:38:58]}
{[%emt 00:08:58]} Ng6 {[%clk 01:08:06]} {[%emt 00:01:00]} 27. Ne2 {[%clk
00:38:08]} {[%emt 00:01:01]} h5 {[%clk 01:07:12]} {[%emt 00:01:04]} 28. Rf1
{[%clk 00:33:59]} {[%emt 00:04:19]} Rdc8 {[%clk 00:58:10]} {[%emt 00:09:12]} 29.
Nd4 {[%clk 00:31:12]} {[%emt 00:02:58]} h4 {[%clk 00:54:41]} {[%emt 00:03:38]}
30. Nf5+ {[%clk 00:24:17]} {[%emt 00:07:05]} exf5 {[%clk 00:54:11]} {[%emt
00:00:40]} 31. exf5+ {[%clk 00:24:17]} {[%emt 00:00:09]} Ne5 {[%clk 00:53:57]}
{[%emt 00:00:24]} 32. f6+ {[%clk 00:20:41]} {[%emt 00:03:46]} Ke6 {[%clk
00:51:27]} {[%emt 00:02:36]} 33. Be2 {[%clk 00:20:23]} {[%emt 00:00:32]} gxf4
{[%clk 00:48:22]} {[%emt 00:03:15]} 34. gxf4 {[%clk 00:20:16]} {[%emt
00:00:17]} Rg8 {[%clk 00:48:05]} {[%emt 00:00:26]} 35. Bg4+ {[%clk 00:19:25]}
{[%emt 00:01:02]} Rxg4 {[%clk 00:47:52]} {[%emt 00:00:23]} 36. hxg4 {[%clk
00:19:23]} {[%emt 00:00:12]} Bg2 {[%clk 00:47:52]} {[%emt 00:00:02]} 37. Rf2
{[%clk 00:11:28]} {[%emt 00:08:05]} h3 {[%clk 00:47:51]} {[%emt 00:00:11]} 38.
Re1 {[%clk 00:11:28]} {[%emt 00:00:09]} Rc4 {[%clk 00:47:14]} {[%emt 00:00:47]}
39. g5 {[%clk 00:02:16]} {[%emt 00:09:22]} Re4 {[%clk 00:44:17]} {[%emt
00:03:06]} 40. f5+ {[%clk 00:02:16]} {[%emt 00:00:05]} Kd7 {[%clk 00:44:17]} 41.
Rg1 {[%clk 00:01:04]} {[%emt 00:01:22]} Rg4 {[%clk 00:44:17]} {[%emt 00:00:05]}
42. g6 {[%clk 00:01:04]} {[%emt 00:00:10]} Be4+ {[%clk 00:44:17]} {[%emt
00:00:01]} 0-1

[Event "2024 US National High School (K-12) Championship"]
[Site "Baltimore, Maryland, United States"]
[Date "2024.04.05"]
[Round "1.3"]
[White "Hardaway, Brewington"]
[Black "Mariappan, Anish M"]
[Result "1-0"]
[TimeControl "G/90; d10"]
[WhiteTitle "FM"]
[WhiteFideId "30941849"]
[BlackFideId "30962439"]
[WhiteElo "2525"]
[BlackElo "2059"]

1. Nf3 {[%clk 01:30:00]} {[%emt 00:00:02]} d5 {[%clk 01:30:00]} {[%emt
00:00:06]} 2. g3 {[%clk 01:30:00]} {[%emt 00:00:04]} Nf6 {[%clk 01:30:00]}
{[%emt 00:00:09]} 3. Bg2 {[%clk 01:30:00]} {[%emt 00:00:04]} g6 {[%clk
01:30:00]} {[%emt 00:00:10]} 4. c4 {[%clk 01:29:59]} {[%emt 00:00:11]} Bg7
{[%clk 01:28:30]} {[%emt 00:01:41]} 5. cxd5 {[%clk 01:28:28]} {[%emt 00:01:40]}
Nxd5 {[%clk 01:26:48]} {[%emt 00:01:53]} 6. Nc3 {[%clk 01:28:12]} {[%emt
00:00:26]} O-O {[%clk 01:26:10]} {[%emt 00:00:48]} 7. O-O {[%clk 01:28:12]}
{[%emt 00:00:05]} c5 {[%clk 01:25:24]} {[%emt 00:00:57]} 8. Qb3 {[%emt
00:07:30]} Nb6 {[%clk 01:19:45]} 9. d3 {[%clk 01:25:49]} {[%emt 00:01:01]} Be6
{[%clk 01:15:44]} {[%emt 00:04:12]} 10. Qa3 {[%clk 01:25:03]} {[%emt 00:00:54]}
Qc8 {[%clk 01:09:15]} {[%emt 00:06:40]} 11. Be3 {[%clk 01:24:23]} {[%emt
00:00:50]} Na6 {[%clk 01:08:53]} {[%emt 00:00:33]} 12. Rac1 {[%clk 01:23:39]}
{[%emt 00:00:52]} Nd5 {[%clk 01:04:08]} {[%emt 00:04:57]} 13. Nxd5 {[%clk
01:21:19]} {[%emt 00:02:29]} Bxd5 {[%clk 01:02:55]} {[%emt 00:01:23]} 14. Bxc5
{[%clk 01:20:58]} {[%emt 00:00:31]} Nxc5 {[%clk 01:01:09]} {[%emt 00:01:57]} 15.
Rxc5 {[%clk 01:20:54]} {[%emt 00:00:13]} Qd8 {[%clk 00:56:05]} {[%emt
00:05:15]} 16. Nd2 {[%clk 01:18:32]} {[%emt 00:02:30]} Bxg2 {[%clk 00:55:17]}
{[%emt 00:01:00]} 17. Kxg2 {[%clk 01:18:32]} {[%emt 00:00:04]} Qd4 {[%clk
00:55:14]} {[%emt 00:00:13]} 18. Rc2 {[%clk 01:14:07]} {[%emt 00:04:34]} e6
{[%clk 00:53:02]} {[%emt 00:02:24]} 19. Qb3 {[%clk 01:13:32]} {[%emt 00:00:44]}
b5 {[%clk 00:52:40]} {[%emt 00:00:33]} 20. Qxb5 {[%clk 01:10:38]} {[%emt
00:03:03]} Rab8 {[%clk 00:49:35]} {[%emt 00:03:16]} 21. Qc4 {[%clk 01:10:07]}
{[%emt 00:00:40]} Rxb2 {[%clk 00:49:28]} {[%emt 00:00:17]} 22. Qxd4 {[%clk
01:10:07]} {[%emt 00:00:07]} Bxd4 {[%clk 00:49:28]} {[%emt 00:00:02]} 23. Rxb2
{[%clk 01:10:07]} {[%emt 00:00:09]} Bxb2 {[%clk 00:49:28]} {[%emt 00:00:01]} 24.
Rb1 {[%clk 01:09:10]} {[%emt 00:01:07]} Bd4 {[%clk 00:47:33]} {[%emt 00:02:05]}
25. Rb7 {[%clk 01:08:01]} {[%emt 00:01:19]} Rc8 {[%clk 00:47:23]} {[%emt
00:00:20]} 26. Nc4 {[%clk 01:07:57]} {[%emt 00:00:14]} Bb6 {[%clk 00:46:06]}
{[%emt 00:01:27]} 27. Kf3 {[%clk 01:06:19]} 1-0

[Event "2024 US National High School (K-12) Championship"]
[Site "Baltimore, Maryland, United States"]
[Date "2024.04.05"]
[Round "1.4"]
[White "Van Zandweghe, Henri"]
[Black "Deviprasath, Sharvesh R"]
[Result "0-1"]
[TimeControl "G/90; d10"]
[BlackTitle "FM"]
[WhiteFideId "30984610"]
[BlackFideId "30938228"]
[WhiteElo "2056"]
[BlackElo "2496"]

1. e4 {[%clk 01:30:00]} {[%emt 00:00:05]} c5 {[%clk 01:29:48]} {[%emt
00:00:23]} 2. Nf3 {[%clk 01:30:00]} {[%emt 00:00:08]} d6 {[%clk 01:29:48]}
{[%emt 00:00:05]} 3. d4 {[%clk 01:29:58]} {[%emt 00:00:12]} cxd4 {[%clk
01:29:48]} {[%emt 00:00:07]} 4. Nxd4 {[%clk 01:29:57]} {[%emt 00:00:10]} Nf6
{[%clk 01:29:48]} {[%emt 00:00:02]} 5. Nc3 {[%clk 01:29:51]} {[%emt 00:00:16]}
Nc6 {[%clk 01:29:48]} {[%emt 00:00:04]} 6. f3 {[%clk 01:28:55]} {[%emt
00:01:07]} g6 {[%clk 01:28:44]} {[%emt 00:01:15]} 7. Be3 {[%clk 01:26:56]}
{[%emt 00:02:08]} Bg7 {[%clk 01:28:44]} {[%emt 00:00:07]} 8. Qd2 {[%clk
01:26:26]} {[%emt 00:00:41]} O-O {[%clk 01:28:44]} {[%emt 00:00:05]} 9. O-O-O
{[%clk 01:25:49]} {[%emt 00:00:46]} d5 {[%clk 01:28:41]} {[%emt 00:00:15]} 10.
exd5 {[%clk 01:16:54]} {[%emt 00:09:05]} Nxd5 {[%clk 01:26:53]} {[%emt
00:01:57]} 11. Nxc6 {[%clk 01:09:55]} {[%emt 00:07:10]} bxc6 {[%clk 01:26:52]}
{[%emt 00:00:11]} 12. Bd4 {[%clk 01:02:39]} {[%emt 00:07:25]} e5 {[%clk
01:26:45]} {[%emt 00:00:16]} 13. Bc5 {[%clk 01:00:54]} {[%emt 00:01:57]} Be6
{[%clk 01:26:28]} {[%emt 00:00:26]} 14. Bc4 {[%clk 00:53:38]} {[%emt 00:07:26]}
Nxc3 {[%clk 01:22:06]} {[%emt 00:04:31]} 15. Qxc3 {[%clk 00:52:51]} {[%emt
00:00:57]} Qg5+ {[%clk 01:22:06]} {[%emt 00:00:03]} 16. Kb1 {[%emt 00:08:05]}
e4 {[%clk 01:21:22]} {[%emt 00:00:52]} 17. Bd4 {[%clk 00:44:43]} {[%emt
00:00:26]} Bxd4 {[%clk 01:21:13]} {[%emt 00:00:18]} 18. Qxd4 {[%clk 00:44:10]}
{[%emt 00:00:42]} Bxc4 {[%clk 01:21:13]} {[%emt 00:00:07]} 19. Qxc4 {[%clk
00:44:10]} {[%emt 00:00:05]} e3 {[%clk 01:21:13]} {[%emt 00:00:05]} 20. Qe2
{[%clk 00:40:47]} {[%emt 00:03:34]} Rad8 {[%clk 01:19:13]} {[%emt 00:02:11]} 21.
g3 {[%clk 00:30:12]} {[%emt 00:10:45]} Qc5 {[%clk 01:13:58]} {[%emt 00:05:25]}
22. Rhe1 {[%clk 00:28:10]} {[%emt 00:02:11]} Rxd1+ {[%clk 01:13:13]} {[%emt
00:00:56]} 23. Rxd1 {[%clk 00:27:50]} {[%emt 00:00:30]} Re8 {[%clk 01:13:13]}
{[%emt 00:00:09]} 24. a3 {[%clk 00:26:48]} {[%emt 00:01:13]} Kg7 {[%clk
01:09:06]} {[%emt 00:04:16]} 25. Rd3 {[%clk 00:23:31]} {[%emt 00:03:27]} a5
{[%clk 01:08:27]} {[%emt 00:00:49]} 26. Rc3 {[%clk 00:18:59]} {[%emt 00:04:43]}
Qb5 {[%clk 01:08:21]} {[%emt 00:00:15]} 27. Rd3 {[%clk 00:17:37]} {[%emt
00:01:32]} Re7 {[%clk 01:08:17]} {[%emt 00:00:14]} 28. b3 {[%clk 00:14:19]}
{[%emt 00:03:28]} a4 {[%clk 01:07:41]} {[%emt 00:00:46]} 29. Kb2 {[%clk
00:12:22]} {[%emt 00:02:08]} Qe5+ {[%clk 01:07:06]} {[%emt 00:00:44]} 30. Ka2
{[%clk 00:12:00]} {[%emt 00:00:32]} c5 {[%clk 01:07:06]} {[%emt 00:00:03]} 31.
Rd1 {[%clk 00:06:15]} {[%emt 00:05:56]} c4 {[%clk 01:05:36]} {[%emt 00:01:40]}
32. bxc4 {[%clk 00:06:06]} {[%emt 00:00:19]} Rb7 {[%clk 01:05:36]} {[%emt
00:00:09]} 33. Rb1 {[%clk 00:05:54]} {[%emt 00:00:23]} Rxb1 {[%clk 01:05:36]}
{[%emt 00:00:02]} 34. Kxb1 {[%clk 00:05:54]} {[%emt 00:00:04]} Qc3 {[%clk
01:05:36]} 35. Qd1 {[%clk 00:03:00]} {[%emt 00:03:03]} Qd2 {[%clk 01:05:36]}
{[%emt 00:00:02]} 36. Qc1 {[%clk 00:03:00]} {[%emt 00:00:10]} f6 {[%clk
01:04:44]} {[%emt 00:01:02]} 37. c5 {[%clk 00:02:41]} {[%emt 00:00:31]} Qd4
{[%clk 01:04:43]} {[%emt 00:00:10]} 38. c6 {[%clk 00:02:41]} {[%emt 00:00:09]}
e2 {[%clk 01:04:43]} {[%emt 00:00:05]} 39. c7 {[%clk 00:02:28]} {[%emt
00:00:22]} Qb6+ {[%clk 01:04:43]} {[%emt 00:00:01]} 40. Ka2 {[%clk 00:02:28]}
{[%emt 00:00:07]} Qxc7 {[%clk 01:04:43]} {[%emt 00:00:04]} 41. Qd2 {[%clk
00:02:21]} {[%emt 00:00:17]} Qe7 {[%clk 01:04:35]} {[%emt 00:00:18]} 42. Qe1
{[%clk 00:02:21]} {[%emt 00:00:05]} Qe3 {[%clk 01:04:35]} {[%emt 00:00:10]} 43.
Kb2 {[%clk 00:01:46]} {[%emt 00:00:46]} Qxf3 {[%clk 01:04:30]} {[%emt
00:00:15]} 44. Kc1 {[%clk 00:01:46]} {[%emt 00:00:07]} Qxa3+ {[%clk 01:04:28]}
{[%emt 00:00:12]} 45. Kd2 {[%clk 00:01:46]} {[%emt 00:00:06]} Qb4+ {[%clk
01:04:28]} {[%emt 00:00:06]} 46. c3 {[%clk 00:01:25]} {[%emt 00:00:33]} Qe4
{[%clk 01:04:28]} {[%emt 00:00:08]} 47. Kc1 {[%clk 00:01:05]} {[%emt 00:00:30]}
a3 {[%clk 01:04:28]} {[%emt 00:00:03]} 0-1

[Event "2024 US National High School (K-12) Championship"]
[Site "Baltimore, Maryland, United States"]
[Date "2024.04.05"]
[Round "1.5"]
[White "Yesuntumur, Tugstumur"]
[Black "Vanderhoek, Kalman"]
[Result "1-0"]
[TimeControl "G/90; d10"]
[WhiteTitle "FM"]
[WhiteFideId "4902521"]
[BlackFideId "39904377"]
[WhiteElo "2478"]
[BlackElo "2054"]

1. Nf3 {[%clk 01:30:00]} {[%emt 00:00:05]} Nf6 {[%clk 01:29:58]} {[%emt
00:00:13]} 2. d4 {[%clk 01:29:58]} {[%emt 00:00:12]} d5 {[%clk 01:29:58]}
{[%emt 00:00:05]} 3. g3 {[%clk 01:29:48]} {[%emt 00:00:21]} Bf5 {[%clk
01:28:57]} {[%emt 00:01:11]} 4. Bg2 {[%clk 01:29:48]} {[%emt 00:00:04]} e6
{[%clk 01:28:57]} {[%emt 00:00:09]} 5. c4 {[%clk 01:29:35]} {[%emt 00:00:22]}
c6 {[%clk 01:28:55]} {[%emt 00:00:12]} 6. O-O {[%clk 01:29:25]} {[%emt
00:00:22]} Be7 {[%clk 01:28:00]} {[%emt 00:01:04]} 7. Nc3 {[%clk 01:27:52]}
{[%emt 00:01:43]} h6 {[%clk 01:25:00]} {[%emt 00:03:09]} 8. Qb3 {[%clk
01:27:02]} {[%emt 00:01:00]} Qb6 {[%clk 01:22:40]} {[%emt 00:02:31]} 9. c5
{[%clk 01:23:13]} {[%emt 00:03:59]} Qa6 {[%clk 01:16:10]} {[%emt 00:06:40]} 10.
Bf4 {[%clk 01:12:10]} {[%emt 00:11:12]} O-O {[%clk 01:10:59]} {[%emt 00:05:21]}
11. Qa4 {[%clk 01:06:00]} {[%emt 00:06:20]} Ne4 {[%clk 01:04:05]} {[%emt
00:07:05]} 12. Rfc1 {[%clk 01:03:45]} {[%emt 00:02:24]} Nxc3 {[%clk 00:51:15]}
{[%emt 00:13:00]} 13. Qxa6 {[%clk 01:03:40]} {[%emt 00:00:15]} Nxa6 {[%clk
00:51:15]} {[%emt 00:00:09]} 14. Rxc3 {[%clk 01:03:40]} {[%emt 00:00:04]} g5
{[%clk 00:49:15]} {[%emt 00:02:09]} 15. Bd2 {[%clk 01:02:15]} {[%emt 00:01:35]}
Rfc8 {[%clk 00:43:24]} {[%emt 00:06:01]} 16. Bf1 {[%clk 00:58:16]} {[%emt
00:04:09]} Nb8 {[%clk 00:31:19]} {[%emt 00:12:15]} 17. Rb3 {[%clk 00:50:16]}
{[%emt 00:08:11]} b6 {[%clk 00:28:32]} {[%emt 00:02:57]} 18. cxb6 {[%clk
00:50:01]} {[%emt 00:00:25]} axb6 {[%clk 00:28:32]} {[%emt 00:00:02]} 19. Rxb6
{[%clk 00:49:52]} {[%emt 00:00:19]} c5 {[%clk 00:27:17]} {[%emt 00:01:25]} 20.
dxc5 {[%clk 00:48:43]} {[%emt 00:01:19]} Bxc5 {[%clk 00:26:07]} {[%emt
00:01:20]} 21. Rc1 {[%clk 00:47:57]} {[%emt 00:00:56]} Na6 {[%clk 00:16:56]}
{[%emt 00:09:20]} 22. Rxa6 {[%clk 00:33:30]} {[%emt 00:14:39]} Rxa6 {[%clk
00:16:56]} {[%emt 00:00:07]} 23. e4 {[%clk 00:33:19]} {[%emt 00:00:20]} Rxa2
{[%clk 00:12:10]} {[%emt 00:04:57]} 24. exf5 {[%clk 00:33:19]} {[%emt
00:00:06]} exf5 {[%clk 00:09:30]} {[%emt 00:02:49]} 25. Be3 {[%clk 00:32:55]}
{[%emt 00:00:34]} Rxb2 {[%clk 00:08:57]} {[%emt 00:00:43]} 26. Rxc5 {[%clk
00:32:55]} {[%emt 00:00:07]} Rd8 {[%clk 00:07:46]} {[%emt 00:01:21]} 27. Nd4
{[%clk 00:32:55]} {[%emt 00:00:09]} f4 {[%clk 00:06:55]} {[%emt 00:01:01]} 28.
gxf4 {[%clk 00:32:55]} {[%emt 00:00:04]} gxf4 {[%clk 00:06:55]} {[%emt
00:00:07]} 29. Bxf4 {[%clk 00:32:55]} {[%emt 00:00:03]} Rb1 {[%clk 00:05:48]}
{[%emt 00:01:16]} 30. Kg2 {[%clk 00:32:51]} {[%emt 00:00:14]} Rd1 {[%clk
00:05:04]} {[%emt 00:00:54]} 31. Be3 {[%clk 00:32:41]} {[%emt 00:00:21]} Rd6
{[%clk 00:04:06]} {[%emt 00:01:08]} 32. Rc6 {[%clk 00:32:29]} {[%emt 00:00:21]}
Rxc6 {[%clk 00:02:36]} {[%emt 00:01:41]} 33. Nxc6 {[%clk 00:32:29]} {[%emt
00:00:04]} Kg7 {[%clk 00:02:19]} {[%emt 00:00:26]} 34. Be2 {[%clk 00:32:29]}
{[%emt 00:00:04]} Re1 {[%clk 00:01:57]} {[%emt 00:00:33]} 35. Bf3 {[%clk
00:32:29]} {[%emt 00:00:07]} f6 {[%clk 00:01:00]} {[%emt 00:01:07]} 36. Bxd5
{[%clk 00:32:29]} {[%emt 00:00:04]} Rd1 {[%clk 00:00:54]} {[%emt 00:00:17]} 37.
Be4 {[%clk 00:32:29]} {[%emt 00:00:05]} 1-0

[Event "2024 US National High School (K-12) Championship"]
[Site "Baltimore, Maryland, United States"]
[Date "2024.04.05"]
[Round "1.6"]
[White "Nicholson, Ian"]
[Black "Liu, Eric Chang"]
[Result "0-1"]
[TimeControl "G/90; d10"]
[BlackTitle "FM"]
[WhiteFideId "30981212"]
[BlackFideId "30960240"]
[WhiteElo "2048"]
[BlackElo "2435"]

1. d4 {[%clk 01:30:00]} {[%emt 00:00:02]} Nf6 {[%clk 01:30:00]} {[%emt
00:00:09]} 2. c4 {[%clk 01:30:00]} {[%emt 00:00:10]} d6 {[%clk 01:28:32]}
{[%emt 00:01:38]} 3. Nc3 {[%clk 01:29:23]} {[%emt 00:00:47]} e5 {[%clk
01:28:32]} {[%emt 00:00:05]} 4. e4 {[%clk 01:29:23]} {[%emt 00:00:07]} exd4
{[%clk 01:28:25]} {[%emt 00:00:18]} 5. Qxd4 {[%clk 01:29:23]} {[%emt 00:00:02]}
Nc6 {[%clk 01:27:04]} {[%emt 00:01:31]} 6. Qd2 {[%clk 01:28:49]} {[%emt
00:00:45]} g6 {[%clk 01:07:29]} {[%emt 00:19:44]} 7. b3 {[%clk 01:27:52]}
{[%emt 00:01:07]} Bg7 {[%clk 01:07:29]} {[%emt 00:00:04]} 8. Bb2 {[%clk
01:27:52]} {[%emt 00:00:09]} O-O {[%clk 01:07:01]} {[%emt 00:00:39]} 9. Bd3
{[%clk 01:18:23]} {[%emt 00:09:39]} Bd7 {[%clk 01:05:28]} {[%emt 00:01:43]} 10.
Nf3 {[%clk 01:17:25]} {[%emt 00:01:08]} Re8 {[%clk 01:04:53]} {[%emt 00:00:44]}
11. O-O {[%clk 01:16:31]} {[%emt 00:01:04]} a5 {[%clk 00:56:05]} {[%emt
00:08:58]} 12. a3 {[%clk 01:13:39]} {[%emt 00:03:03]} Bg4 {[%clk 00:55:51]}
{[%emt 00:00:24]} 13. Ne1 {[%clk 01:10:03]} {[%emt 00:03:45]} Nd4 {[%clk
00:55:42]} {[%emt 00:00:19]} 14. f3 {[%clk 01:09:41]} {[%emt 00:00:32]} Be6
{[%clk 00:54:20]} {[%emt 00:01:32]} 15. Qd1 {[%clk 01:07:31]} {[%emt 00:02:22]}
Nd7 {[%clk 00:50:18]} {[%emt 00:04:11]} 16. Rb1 {[%clk 01:03:55]} {[%emt
00:03:46]} Nc5 {[%clk 00:48:43]} {[%emt 00:01:45]} 17. b4 {[%clk 01:03:29]}
{[%emt 00:00:36]} axb4 {[%clk 00:48:02]} {[%emt 00:00:51]} 18. axb4 {[%clk
01:03:26]} {[%emt 00:00:13]} Nxd3 {[%clk 00:47:29]} {[%emt 00:00:41]} 19. Qxd3
{[%clk 01:03:26]} {[%emt 00:00:10]} Nc6 {[%clk 00:46:40]} {[%emt 00:00:59]} 20.
Nd5 {[%clk 01:00:12]} {[%emt 00:03:25]} Bxb2 {[%clk 00:37:39]} {[%emt
00:09:11]} 21. Rxb2 {[%clk 00:59:45]} {[%emt 00:00:37]} Bxd5 {[%clk 00:36:31]}
{[%emt 00:01:18]} 22. cxd5 {[%clk 00:58:24]} {[%emt 00:01:32]} Qf6 {[%clk
00:36:06]} {[%emt 00:00:33]} 23. Rb1 {[%clk 00:55:49]} {[%emt 00:02:45]} Qd4+
{[%clk 00:27:58]} {[%emt 00:08:18]} 24. Kh1 {[%clk 00:45:36]} {[%emt 00:10:24]}
Qxd3 {[%clk 00:27:58]} {[%emt 00:00:03]} 25. Nxd3 {[%clk 00:45:36]} {[%emt
00:00:03]} Nd4 {[%clk 00:27:58]} {[%emt 00:00:05]} 26. Rfd1 {[%clk 00:45:01]}
{[%emt 00:00:46]} Ra3 {[%clk 00:24:09]} {[%emt 00:03:59]} 27. Nc1 {[%clk
00:39:26]} {[%emt 00:05:45]} Nb5 {[%clk 00:24:09]} {[%emt 00:00:09]} 28. Rd3
{[%clk 00:38:56]} {[%emt 00:00:41]} f5 {[%clk 00:22:35]} {[%emt 00:01:44]} 29.
Rxa3 {[%clk 00:36:34]} {[%emt 00:02:32]} Nxa3 {[%clk 00:22:35]} {[%emt
00:00:06]} 30. Rb3 {[%clk 00:35:50]} {[%emt 00:00:53]} fxe4 {[%clk 00:22:19]}
{[%emt 00:00:26]} 31. Rxa3 {[%clk 00:34:36]} {[%emt 00:01:24]} exf3 {[%clk
00:22:19]} {[%emt 00:00:05]} 32. Nd3 {[%clk 00:34:26]} {[%emt 00:00:20]} Re1+
{[%clk 00:22:19]} {[%emt 00:00:06]} 33. Nxe1 {[%clk 00:34:26]} {[%emt
00:00:06]} f2 {[%clk 00:22:19]} {[%emt 00:00:04]} 34. Nf3 {[%clk 00:33:45]}
{[%emt 00:00:52]} f1=Q+ {[%clk 00:22:19]} {[%emt 00:00:06]} 35. Ng1 {[%clk
00:33:45]} {[%emt 00:00:04]} Qc4 {[%clk 00:22:08]} {[%emt 00:00:20]} 0-1